000 00333nam a22001457a 4500
003 OSt
005 20220214094152.0
008 220214b |||||||| |||| 00| 0 eng d
020 _a139780070086951
040 _cHU
082 _23rd
_a627.3
100 _aSubramanya
_930275
245 _aFlow In Open Channels
942 _2ddc
_cBOOKS
_n0
999 _c30114
_d30114